01519nam a2200361 a 4500001001200000003000800012006001900020007001500039008004100054010001700095015001900112016001800131020002200149020002200171040002100193035002000214050002800234082001900262100002000281245013900301260013100440300002400571490003000595504006600625533015200691650005500843650004400898655002900942710001700971830002400988856012601012999001901138ebr10132944CaPaEBRm u cr cn|||||||||060403s2006 enka fsb 001 0 eng  z 2006295870 aGBA5425232bnb7 z0132006702Uk z1845110250 (hbk.) z1845111036 (pbk.) aCaPaEBRcCaPaEBR a(OCoLC)6755143214aPN1995.9.P6bD53 2006eb04a791.43/6582221 aDickenson, Ben.10aHollywood's new radicalismh[electronic resource] :bwar, globalisation and the movies from Reagan to George W. Bush /cBen Dickenson. aLondon ;aNew York :bI.B. Tauris ;aNew York, NY :bIn the United States and Canada distributed by Palgrave Macmillan,c2006. axvi, 216 p. :bill.1 aCinema and society series aIncludes bibliographical references (p. [203]-211) and index. aElectronic reproduction.bPalo Alto, Calif. :cebrary,d2013.nAvailable via World Wide Web.nAccess may be limited to ebrary affiliated libraries. 0aMotion picturesxPolitical aspectszUnited States. 0aMotion picture industryzUnited States. 7aElectronic books.2local2 aebrary, Inc. 0aCinema and society.40uhttp://site.ebrary.com/lib/rucke/Doc?id=10132944zAn electronic book accessible through the World Wide Web; click to view c182553d182553